| 000 | 01128cam a2200361 a 4500 | ||
|---|---|---|---|
| 999 |
_c23967 _d23967 |
||
| 001 | vtls011620213 | ||
| 005 | 20251024080434.0 | ||
| 008 | 240318s2017 xo g n 000 0 slo | ||
| 020 |
_a9788081281815 _q(viaz.) |
||
| 035 | _aurn:nbn:sk:snk-am00d5mf | ||
| 035 | _aurn:nbn:sk:snk-am3hqhg | ||
| 035 | _a23BF745C-C011-4073-B4F4-FDEDC58E9A1A | ||
| 040 |
_aSNK _bslo _cSNK _eAACR2 |
||
| 041 | 0 | _aslo | |
| 044 |
_axo _cSK |
||
| 072 | 7 |
_a321 _xPolitológia _2konspekt |
|
| 080 |
_a321.01 _22011 |
||
| 080 |
_a321 _22011 |
||
| 080 |
_a(048.8) _22011 |
||
| 100 | 1 |
_aKlenko, Marián, _d1978- _4aut _95068 |
|
| 245 | 1 | 0 |
_aPolitika bez moci _bskutočný obraz reality _cMarián Klenko |
| 260 |
_aMartin _bMatica slovenská _c2017 |
||
| 300 |
_a120 s. _c22 cm |
||
| 650 | 0 | 7 |
_apolitická moc _2SNKPH _95069 |
| 650 | 0 | 7 |
_apolitológia _2SNKPH _95070 |
| 650 | 0 | 7 |
_aPolitical power _2SNKPHeng _95071 |
| 650 | 0 | 7 |
_aPolitical science _2SNKPHeng _95072 |
| 655 | 7 |
_amonografie _2SNKPH _91661 |
|
| 655 | 7 |
_aMonographs _2SNKPHeng _91662 |
|
| 958 | _aNB | ||